| 000 | 00556nam a2200181 a 4500 | ||
|---|---|---|---|
| 001 | 12303 | ||
| 003 | CO-ViMGA | ||
| 008 | 141112s2004 ck r 000 u spa d | ||
| 040 |
_aCO-ViMGA _bspa _cCO-ViMGA |
||
| 082 | 0 | 4 | _a813.91 S17r |
| 100 | 1 |
_aSarraute, Nathalie _917547 |
|
| 245 | 1 | 0 | _aRetrato de un Desconocido |
| 260 |
_aBuenos Aires : _bSur, _c1965 |
||
| 300 | _a187p. | ||
| 590 | _aForma de adquisición : DONACION - - Proveedor : DR RAFAEL SALAMANCA - - Fecha de adquisición : 31 - 01 - 2001 | ||
| 650 | 1 | 4 |
_aNOVELA FRANCESA _92629 |
| 942 |
_2ddc _cBK |
||
| 999 |
_c23315 _d23315 |
||